000 00561nam a2200217Ia 4500
003 OSt
005 20230429105047.0
008 210423s2009 xx 000 0 und d
020 _a978-1-4091-1765-0
040 _cAL
041 _aeng
082 _a813.54
_223
_bLUSR
100 _aLUSTBADER (Eric Van)
_995072
245 _aRobert Ludlums Bourne sanction
260 _aLondon
_bOrion books
_c2009
300 _a614
_bPB
365 _b399
_cINR
650 _aAmerican Fiction
_995073
906 _aBourne ; Ludlums ; Robert ; sanction
942 _2ddc
_cBK
999 _c170462
_d170462